Państwa według pieczątek paszportowych - Statystyki

Ogólne statystyki
  • Ten quiz został rozwiązany 8 razy
  • Średni wynik to 4 z 16
Statystyki odpowiedzi
Obrazkowy Odpowiedź % Poprawnych
Gruzja
100%
Bangladesz
86%
Chiny
57%
Kolumbia
43%
Armenia
29%
Kambodża
29%
Laos
29%
Lesotho
14%
Zjednoczone Emiraty Arabskie
14%
Bhutan
0%
Bośnia i Herzegowina
0%
Brunei Darussalam
0%
Curacao
0%
Eswatini
0%
Filipiny
0%
Kosowo
0%
Nie znaleziono quizów pasujących do podanych kryteriów
Rozkład punktacji
Procent ludzi z każdym wynikiem
Percentyl według liczby udzielonych odpowiedzi
Twoja historia wyników
Nie rozwiązałeś tego quizu